Libros del año Barsa 1968

Сохранить в:
Библиографические подробности
Главные авторы: Hernández, Juan Luis (Автор), Ferrer Veraza, Guillermo (Автор), Garza Reyes, Leandro (Автор)
Формат:
Язык:испанский
Опубликовано: Chicago Encyclopaedia Britannica 1968
Предметы:
Метки: Добавить метку
Нет меток, Требуется 1-ая метка записи!

MARC

LEADER 00000nam a2200000 a 4500
001 UCH2386
003 CL-VaPUC
008 090611e19680000US |||||||||||||||||spa|d
082 0 4 |a 030  |b HER  |2 21 
100 |a Hernández, Juan Luis  |e author  |9 537152 
700 0 |a Ferrer Veraza, Guillermo  |e author  |9 537153 
700 |a Garza Reyes, Leandro  |e author  |9 537163 
245 1 0 |a Libros del año Barsa 1968 
300 |a 416 p 
942 |c BK 
945 |d 20090611 00:00:00  |a rbrito 
260 |a Chicago  |b Encyclopaedia Britannica  |c 1968 
650 0 |a Enciclopedias  |9 264135 
650 0 |a Anuarios  |9 258977 
583 |a last modification  |c 20090611 00:00:00  |k Rodrigo Vera 
999 |c 334127  |d 334125 
952 |0 0  |1 0  |4 0  |6 030_000000000000000_HER_1968  |7 0  |8 X  |9 422949  |a FDOBUD  |b FDOBUD  |d 2019-11-22  |i 4556550  |o 030 HER 1968  |p 4556550  |r 2019-11-22  |w 2019-11-22  |y BK_X  |k BUD